00478nam a2200169Ia 4500003000400000005001700004008004100021040000700062041001200069082001700081100005300098245005900151260006100210300001200271365000700283650001800290OSt20250217105115.0210719s1996 xx 000 0 und d cAL aKonkani a891.462 LOBA a LOBO (A T)dಲೋಬೊ (ಎ.ಟಿ.) aAnkvar avai. b ಆಂಕ್ವಾರ್ ಅವಯ್  aManglur.bKonkni Institution, St Aloysius Collegec1996 a102bPB cRs aKonkani Drama